[Event "Warsaw Maciei Memorial Blitz"]
[Site "Warsaw"]
[Date "2024.07.08"]
[Round "9"]
[White "Szarwacki, Dominik"]
[Black "Kanarek, Marcel"]
[Result "0-1"]
[WhiteElo "1938"]
[BlackElo "2478"]
[PlyCount "80"]
[EventDate "2024.07.08"]
[EventType "swiss (blitz)"]
[EventRounds "11"]
[EventCountry "POL"]
[SourceTitle "CB29_2024"]
[SourceDate "2024.05.01"]
[SourceVersion "1"]
[SourceVersionDate "2024.05.01"]
[SourceQuality "1"]

1. e4 c5 2. b4 cxb4 3. d4 d6 4. a3 bxa3 5. Nxa3 Nf6 6. Bd3 g6 7. Nf3 Bg7 8. 0-0 0-0 9. Nb5 a6 10. c4 Bg4 11. h3 Bxf3 12. Qxf3 Nc6 13. Nc3 Nxd4 14. Qe3 Nb3 15. Rb1 Nxc1 16. Rfxc1 Nd7 17. Na4 Qa5 18. Nb6 Nxb6 19. Qxb6 Qxb6 20. Rxb6 a5 21. c5 dxc5 22. Rxb7 a4 23. Bc4 a3 24. Ba2 e6 25. Rxc5 Rab8 26. Rxb8 Rxb8 27. Ra5 Bf8 28. h4 Rb2 29. Bc4 h5 30. f3 Be7 31. g3 Rc2 32. Bb3 Rc3 33. Ba2 Rxf3 34. Kg2 Re3 35. Kf2 Rxe4 36. Kf3 Rd4 37. Ra8+ Kg7 38. Ra7 Kf6 39. Ke3 Rd8 40. Ra4 Rb8 0-1

[Event "Warsaw Maciei Memorial"]
[Site "Warsaw"]
[Date "2023.07.10"]
[Round "7"]
[White "Budzisz, Adrian"]
[Black "Kanarek, Marcel"]
[Result "0-1"]
[WhiteElo "2037"]
[BlackElo "2503"]
[PlyCount "46"]
[EventDate "2023.07.10"]
[EventType "swiss (blitz)"]
[EventRounds "11"]
[EventCountry "POL"]
[SourceTitle "CBM 215 Extra"]
[Source "ChessBase"]
[SourceDate "2023.09.30"]
[SourceVersion "1"]
[SourceVersionDate "2023.09.30"]
[SourceQuality "1"]

1. e4 c5 2. Nf3 d6 3. Bb5+ Nd7 4. a4 Ngf6 5. Nc3 a6 6. Bc4 e6 7. 0-0 Be7 8. d4 cxd4 9. Nxd4 Ne5 10. Bb3 Bd7 11. f4 Nc6 12. Be3 Nxd4 13. Bxd4 Bc6 14. e5 dxe5 15. fxe5 Nd7 16. Rxf7 Kxf7 17. Bxe6+ Kxe6 18. Qg4+ Kf7 19. e6+ Ke8 20. Bxg7 Qb6+ 21. Kh1 Rg8 22. exd7+ Bxd7 23. Re1 Bxg4 0-1

[Event "Warsaw Maciei Memorial"]
[Site "Warsaw"]
[Date "2023.07.10"]
[Round "10"]
[White "Kokoszczynski, Jan"]
[Black "Kanarek, Marcel"]
[Result "1/2-1/2"]
[WhiteElo "2247"]
[BlackElo "2503"]
[PlyCount "65"]
[EventDate "2023.07.10"]
[EventType "swiss (blitz)"]
[EventRounds "11"]
[EventCountry "POL"]
[SourceTitle "CBM 215 Extra"]
[Source "ChessBase"]
[SourceDate "2023.09.30"]
[SourceVersion "1"]
[SourceVersionDate "2023.09.30"]
[SourceQuality "1"]

1. d4 Nf6 2. Bg5 Ne4 3. Bf4 d5 4. Nd2 Bf5 5. e3 e6 6. Ngf3 Bd6 7. Nxe4 Bxe4 8. Bg3 0-0 9. Bd3 Bg6 10. 0-0 Bxg3 11. hxg3 Nd7 12. Bxg6 hxg6 13. Qe2 c5 14. Rfd1 Qb6 15. c3 Rac8 16. a4 a5 17. Qb5 Qxb5 18. axb5 b6 19. g4 f6 20. g5 Rc7 21. Re1 Kf7 22. g3 f5 23. Kg2 Rh8 24. Rh1 Rcc8 25. Rh4 Rxh4 26. gxh4 Ke7 27. Kg3 Kd6 28. Kf4 Rh8 29. Rd1 c4 30. Ra1 Rh7 31. Rh1 Rh5 32. Ra1 Rh8 33. Rh1 1/2-1/2

[Event "BL2-Nord 2223"]
[Site "Germany"]
[Date "2023.02.26"]
[Round "8.2"]
[White "Licznerski, Lukasz"]
[Black "Kanarek, Marcel"]
[Result "0-1"]
[WhiteElo "2442"]
[BlackElo "2488"]
[PlyCount "96"]
[EventDate "2022.10.22"]
[EventType "team-tourn"]
[EventRounds "10"]
[EventCountry "GER"]
[SourceTitle "EXT 2024"]
[Source "ChessBase"]
[SourceDate "2023.10.10"]
[SourceVersion "1"]
[SourceVersionDate "2023.10.10"]
[SourceQuality "1"]
[WhiteTeam "Norderstedt"]
[BlackTeam "Ruedersdorf Glueckauf"]
[WhiteTeamCountry "GER"]
[BlackTeamCountry "GER"]

1. e4 c5 2. Nf3 Nc6 3. Nc3 g6 4. d4 cxd4 5. Nxd4 Bg7 6. Be3 Nf6 7. Bc4 0-0 8. Bb3 d6 9. f3 Qa5 10. Qd2 Nxd4 11. Bxd4 Be6 12. 0-0 Rac8 13. Rfd1 Nd7 14. Nd5 Bxd4+ 15. Qxd4 Bxd5 16. exd5 Qb6 17. Qxb6 Nxb6 18. Rd4 a5 19. c3 Rc5 20. Re1 Re8 21. a4 Kf8 22. Kf2 Rec8 23. Re2 Nd7 24. f4 b5 25. axb5 Nb6 26. Ke1 Rxb5 27. Ba2 a4 28. Rc2 Rcc5 29. Kd2 Ra5 30. c4 Ra8 31. Kd3 Nd7 32. Re4 Rc7 33. Re3 Nc5+ 34. Kc3 Rb8 35. Rce2 Rcb7 36. Rh3 Kg8 37. Rhe3 Kf8 38. g4 f5 39. gxf5 gxf5 40. Bb1 a3 41. b4 Rxb4 42. Bxf5 Rb3+ 43. Kd4 Rxe3 44. Kxe3 Rb3+ 45. Kd4 h5 46. Bc2 a2 47. Re1 Ra3 48. Ra1 e6 0-1

[Event "POL-chT Ekstraliga"]
[Site "Bydgoszcz"]
[Date "2022.09.11"]
[Round "9.4"]
[White "Kanarek, Marcel"]
[Black "Bernadskiy, Vitaliy"]
[Result "1/2-1/2"]
[WhiteElo "2488"]
[BlackElo "2558"]
[PlyCount "160"]
[EventDate "2022.09.03"]
[EventType "team-tourn"]
[EventRounds "9"]
[EventCountry "POL"]
[SourceTitle "CBM 210 Extra"]
[Source "ChessBase"]
[SourceDate "2022.11.30"]
[SourceVersion "1"]
[SourceVersionDate "2022.11.30"]
[SourceQuality "1"]
[WhiteTeam "Gorzow Wielkopolski Stilon"]
[BlackTeam "Pegow Wieza"]
[WhiteTeamCountry "POL"]
[BlackTeamCountry "POL"]

1. e4 c5 2. Nf3 d6 3. d4 cxd4 4. Nxd4 Nf6 5. Nc3 a6 6. Be2 e5 7. Nb3 Be6 8. f4 exf4 9. Bxf4 Nc6 10. Qd3 Nb4 11. Qd2 d5 12. a3 d4 13. axb4 dxc3 14. bxc3 Bxb3 15. cxb3 Qxd2+ 16. Kxd2 Nxe4+ 17. Kc2 Bd6 18. Bxd6 Nxd6 19. b5 a5 20. b4 a4 21. c4 Rc8 22. c5 b6 23. c6 Ra8 24. Rhd1 Nf5 25. Ra3 h5 26. Bf3 Ke7 27. Rd7+ Ke6 28. Kb2 Rhd8 29. Rxd8 Rxd8 30. Rxa4 Nd4 31. Ra6 Rb8 32. Ra7 Nxb5 33. Rb7 Rc8 34. Rxb6 Nd4 35. Kc3 Ke5 36. Ra6 Nxf3 37. gxf3 Kd5 38. b5 Kc5 39. Ra5 g5 40. Kb3 Rd8 41. c7 Rc8 42. b6+ Kxb6 43. Rxg5 Rxc7 44. Rxh5 Rc1 45. Rf5 Rh1 46. Rh5 Rf1 47. Rf5 Rh1 48. Rh5 Rf1 49. Rh3 Kc5 50. Kc3 Kd5 51. Kd3 Ke5 52. Ke3 Ra1 53. Rh5+ Kf6 54. Kf4 Ra4+ 55. Kg3 Ra1 56. Rh4 Rg1+ 57. Kf4 Rg2 58. h3 Rh2 59. Rh6+ Kg7 60. Kg3 Rh1 61. Ra6 Rg1+ 62. Kf2 Rh1 63. Kg2 Rb1 64. h4 f6 65. Ra8 Kg6 66. Kg3 Rg1+ 67. Kf4 Rh1 68. Rg8+ Kf7 69. Rg4 Rh3 70. Ke3 Rh2 71. Ke4 Rh3 72. f4 Ke6 73. f5+ Kd6 74. Kd4 Rf3 75. Ke4 Ra3 76. Rf4 Kc5 77. Rg4 Kd6 78. Kf4 Ra4+ 79. Kg3 Ra3+ 80. Kf4 Ra4+ 1/2-1/2

[Event "Warsaw Maciei Memorial"]
[Site "Warsaw"]
[Date "2022.07.08"]
[Round "2"]
[White "Kaminski, Maciej1111"]
[Black "Kanarek, Marcel"]
[Result "0-1"]
[WhiteElo "1918"]
[BlackElo "2488"]
[PlyCount "128"]
[EventDate "2022.07.08"]
[EventType "swiss (blitz)"]
[EventRounds "11"]
[EventCountry "POL"]
[SourceTitle "CBM 209 Extra"]
[Source "ChessBase"]
[SourceDate "2022.09.30"]
[SourceVersion "1"]
[SourceVersionDate "2022.09.30"]
[SourceQuality "1"]

1. d4 Nf6 2. c4 g6 3. g3 Bg7 4. Bg2 0-0 5. Nc3 d6 6. Nf3 Nc6 7. 0-0 e5 8. dxe5 Nxe5 9. Nxe5 dxe5 10. Bg5 Qxd1 11. Rfxd1 c6 12. Bxf6 Bxf6 13. Ne4 Be7 14. Nd6 Bxd6 15. Rxd6 Be6 16. b3 Rfd8 17. Rad1 Rxd6 18. Rxd6 a5 19. a4 Kf8 20. e3 Ke7 21. Rd2 Ra6 22. Bf3 Rb6 23. Bd1 f5 24. f3 g5 25. Bc2 h6 26. f4 e4 27. fxg5 hxg5 28. h4 gxh4 29. gxh4 Ra6 30. Rg2 Kf6 31. h5 Bf7 32. Bd1 Ra8 33. Rd2 Ke7 34. Rh2 Rh8 35. h6 Kf6 36. Bc2 Kg6 37. Rg2+ Kxh6 38. Rd2 Be6 39. Rd6 Re8 40. Kf2 Kg5 41. Rd1 Kf6 42. Rh1 Rd8 43. Ke2 Ke5 44. Rh7 Rd7 45. Rh8 Kd6 46. Kd2 Ke5+ 47. Kc3 Rg7 48. Re8 Rg3 49. Kd2 Rg2+ 50. Kc3 Re2 51. Rb8 Rxe3+ 52. Kd2 Rh3 53. Rxb7 e3+ 54. Kd3 f4 55. Bd1 Bf5+ 56. Kc3 e2+ 57. Kd2 exd1Q+ 58. Kxd1 Rh1+ 59. Ke2 Bg4+ 60. Kf2 Rh2+ 61. Kg1 Rb2 62. Ra7 f3 63. Rxa5+ Kf4 64. Ra8 Kg3 0-1

[Event "Warsaw Maciei Memorial"]
[Site "Warsaw"]
[Date "2022.07.08"]
[Round "5"]
[White "Kanarek, Marcel"]
[Black "Goraj, Barbara"]
[Result "0-1"]
[WhiteElo "2488"]
[BlackElo "2035"]
[PlyCount "140"]
[EventDate "2022.07.08"]
[EventType "swiss (blitz)"]
[EventRounds "11"]
[EventCountry "POL"]
[SourceTitle "CBM 209 Extra"]
[Source "ChessBase"]
[SourceDate "2022.09.30"]
[SourceVersion "1"]
[SourceVersionDate "2022.09.30"]
[SourceQuality "1"]

1. d4 Nf6 2. c4 g6 3. Nc3 Bg7 4. e4 d6 5. Be2 Nbd7 6. Be3 e5 7. d5 Nc5 8. f3 a5 9. Qd2 Nh5 10. g3 0-0 11. Bd1 f5 12. Bc2 fxe4 13. Nxe4 Nxe4 14. Bxe4 Nf6 15. 0-0-0 Nxe4 16. fxe4 Bg4 17. Re1 b5 18. c5 b4 19. c6 a4 20. Qxb4 Rb8 21. Qxa4 Qe7 22. Qc4 Ra8 23. Kb1 Bc8 24. Qc2 Ba6 25. Ne2 Rfb8 26. Nc3 Rb4 27. a3 Rbb8 28. Kc1 Bc4 29. h4 Rb3 30. Bg5 Qe8 31. Rh2 Rab8 32. Na4 Ba6 33. Nc3 h6 34. Be3 Qd8 35. Ba7 Qc8 36. Bxb8 Qxb8 37. Rf2 h5 38. Kb1 Rb6 39. Ka1 Bc4 40. Qd1 Bb3 41. Qd3 Qa7 42. Nb5 Qa5 43. Qxb3 Qxe1+ 44. Ka2 Qxf2 45. a4 Qc5 46. Qc3 Qxc3 47. bxc3 Bf6 48. Kb3 Bd8 49. Kb4 g5 50. hxg5 Kg7 51. a5 Ra6 52. Na3 Kg6 53. Kb5 Ra8 54. a6 Kxg5 55. Ka5 Kg4 56. Nb5 Kxg3 57. a7 h4 58. Ka6 h3 59. Kb7 Rxa7+ 60. Nxa7 h2 61. Kc8 h1Q 62. Kxd8 Qxe4 63. Kxc7 Qxd5 64. Kb8 Qb3+ 65. Ka8 Qxc3 66. Kb7 Qb4+ 67. Ka8 Qc5 68. Kb7 e4 69. c7 e3 70. Nc6 Qb5+ 0-1

[Event "Warsaw Maciei Memorial"]
[Site "Warsaw"]
[Date "2022.07.08"]
[Round "3"]
[White "Kanarek, Marcel"]
[Black "Lee, Hyo"]
[Result "1-0"]
[WhiteElo "2488"]
[BlackElo "1818"]
[PlyCount "85"]
[EventDate "2022.07.08"]
[EventType "swiss (blitz)"]
[EventRounds "11"]
[EventCountry "POL"]
[SourceTitle "CBM 209 Extra"]
[Source "ChessBase"]
[SourceDate "2022.09.30"]
[SourceVersion "1"]
[SourceVersionDate "2022.09.30"]
[SourceQuality "1"]

1. e4 Nc6 2. Nf3 f5 3. exf5 d5 4. d4 Bxf5 5. Bb5 e6 6. Bxc6+ bxc6 7. 0-0 Bd6 8. c4 Nf6 9. c5 Be7 10. Ne5 0-0 11. Nxc6 Qe8 12. Ne5 Nd7 13. Nxd7 Qxd7 14. Nc3 e5 15. dxe5 d4 16. c6 Qxc6 17. Qxd4 Rad8 18. Qa4 Qc5 19. Be3 Qxe5 20. Bf4 Qc5 21. Bg3 Kh8 22. Rad1 Bd3 23. Rfe1 Bf6 24. Qg4 Qb6 25. Rd2 Rd4 26. Qe6 Qc5 27. Red1 Bf5 28. Qe2 Rxd2 29. Qxd2 h6 30. h3 Bg5 31. Qe2 Bg6 32. Qe5 Qb4 33. Qe2 Qa5 34. Rd5 Qb6 35. h4 Bf6 36. h5 Bf7 37. Rd7 Be8 38. Rd1 Qa5 39. Nd5 Bxh5 40. Qxh5 Bxb2 41. Qe2 Ba3 42. Nf4 Bd6 43. Ng6+ 1-0

[Event "Warsaw Maciei Memorial"]
[Site "Warsaw"]
[Date "2022.07.08"]
[Round "10"]
[White "Pacan Milej, Kosma"]
[Black "Kanarek, Marcel"]
[Result "1-0"]
[WhiteElo "2412"]
[BlackElo "2488"]
[PlyCount "27"]
[EventDate "2022.07.08"]
[EventType "swiss (blitz)"]
[EventRounds "11"]
[EventCountry "POL"]
[SourceTitle "CBM 209 Extra"]
[Source "ChessBase"]
[SourceDate "2022.09.30"]
[SourceVersion "1"]
[SourceVersionDate "2022.09.30"]
[SourceQuality "1"]

1. d4 Nf6 2. c4 g6 3. Nc3 Bg7 4. e4 d6 5. h3 0-0 6. Be3 e5 7. d5 Na6 8. g4 c6 9. f3 cxd5 10. cxd5 Bd7 11. Qd2 Rc8 12. Nge2 Qa5 13. Ng3 Nc5 14. Rb1 1-0

[Event "Oberliga Nord O 2122"]
[Site "Germany"]
[Date "2022.05.29"]
[Round "5.1"]
[White "Penzold, Andreas"]
[Black "Kanarek, Marcel"]
[Result "0-1"]
[WhiteElo "2393"]
[BlackElo "2484"]
[PlyCount "52"]
[EventDate "2021.10.31"]
[EventType "team-tourn"]
[EventRounds "9"]
[EventCountry "GER"]
[SourceTitle "EXT 2024"]
[Source "ChessBase"]
[SourceDate "2023.10.10"]
[SourceVersion "1"]
[SourceVersionDate "2023.10.10"]
[SourceQuality "1"]
[WhiteTeam "Potsdam Empor"]
[BlackTeam "Glueck Auf Ruedersdorf"]
[WhiteTeamCountry "GER"]
[BlackTeamCountry "GER"]

1. c4 c6 2. d4 d5 3. Nf3 Nf6 4. Nc3 e6 5. e3 Nbd7 6. Bd3 dxc4 7. Bxc4 b5 8. Bd3 Bb7 9. e4 b4 10. Na4 c5 11. e5 Nd5 12. Nxc5 Nxc5 13. dxc5 Bxc5 14. 0-0 h6 15. Qe2 Qb6 16. Bd2 Rc8 17. Rac1 Ne7 18. Rc4 Nf5 19. Rf4 0-0 20. Rd1 Rfd8 21. b3 Bxf2+ 22. Qxf2 Rxd3 23. Rxb4 Rxd2 24. Rxb6 Rxd1+ 25. Ne1 axb6 26. Qxb6 Rc2 0-1

[Event "POL-ch Ekstraliga Rapid Final"]
[Site "Bydgoszcz"]
[Date "2022.03.13"]
[Round "5.3"]
[White "Teclaf, Pawel"]
[Black "Kanarek, Marcel"]
[Result "1-0"]
[WhiteElo "2542"]
[BlackElo "2484"]
[PlyCount "67"]
[EventDate "2022.03.12"]
[EventType "team-k.o. (rapid)"]
[EventRounds "6"]
[EventCountry "POL"]
[SourceTitle "CBM 207 Extra"]
[Source "ChessBase"]
[SourceDate "2022.05.31"]
[SourceVersion "1"]
[SourceVersionDate "2022.05.31"]
[SourceQuality "1"]
[WhiteTeam "Bydgoszcz Energia Gwiazda"]
[BlackTeam "Gorzow Wielkopolski Stilon"]
[WhiteTeamCountry "POL"]
[BlackTeamCountry "POL"]

1. Nf3 Nf6 2. g3 g6 3. b3 Bg7 4. Bb2 d5 5. c4 c6 6. Bg2 0-0 7. d3 Nbd7 8. 0-0 Re8 9. Nc3 e5 10. cxd5 Nxd5 11. Ne4 Qe7 12. Qc1 a5 13. Rd1 f5 14. Nc3 N7b6 15. Nxd5 Nxd5 16. Nd2 Be6 17. Nc4 Qc7 18. Ne3 Nxe3 19. Qxe3 a4 20. bxa4 Rxa4 21. a3 Qa5 22. Rdc1 Qa7 23. Qd2 Bf7 24. e3 Bf8 25. d4 Rd8 26. Qc2 e4 27. d5 cxd5 28. Qc7 Qb8 29. Qb6 Ra6 30. Qd4 Be6 31. Bf1 Rc6 32. Rxc6 bxc6 33. Qh8+ Kf7 34. Qf6+ 1-0

[Event "POL-ch Ekstraliga Rapid Final"]
[Site "Bydgoszcz"]
[Date "2022.03.13"]
[Round "3.3"]
[White "Wieczorek, Oskar"]
[Black "Kanarek, Marcel"]
[Result "1/2-1/2"]
[WhiteElo "2500"]
[BlackElo "2484"]
[PlyCount "52"]
[EventDate "2022.03.12"]
[EventType "team-k.o. (rapid)"]
[EventRounds "6"]
[EventCountry "POL"]
[SourceTitle "CBM 207 Extra"]
[Source "ChessBase"]
[SourceDate "2022.05.31"]
[SourceVersion "1"]
[SourceVersionDate "2022.05.31"]
[SourceQuality "1"]
[WhiteTeam "Wroclaw Polonia"]
[BlackTeam "Gorzow Wielkopolski Stilon"]
[WhiteTeamCountry "POL"]
[BlackTeamCountry "POL"]

1. e4 c5 2. Nf3 d6 3. d4 cxd4 4. Nxd4 Nf6 5. Nc3 g6 6. Be2 Bg7 7. Be3 0-0 8. Qd2 Nc6 9. 0-0-0 Ng4 10. Bxg4 Bxg4 11. f3 Be6 12. h4 Ne5 13. b3 Qa5 14. Kb1 Rfc8 15. Nd5 Qxd2 16. Rxd2 Bxd5 17. exd5 h5 18. Re1 Bf6 19. Bg5 Kg7 20. Re4 Rc7 21. Ne2 Rac8 22. Ra4 a6 23. Ng3 Nd7 24. Re4 Ne5 25. Ra4 Nd7 26. Re4 Ne5 1/2-1/2

[Event "POL-ch Ekstraliga-B Rapid"]
[Site "Bydgoszcz"]
[Date "2022.03.12"]
[Round "9.3"]
[White "Flak, Pawel"]
[Black "Kanarek, Marcel"]
[Result "0-1"]
[WhiteElo "2170"]
[BlackElo "2484"]
[PlyCount "108"]
[EventDate "2022.03.11"]
[EventType "team-tourn (rapid)"]
[EventRounds "10"]
[EventCountry "POL"]
[SourceTitle "CBM 207 Extra"]
[Source "ChessBase"]
[SourceDate "2022.05.31"]
[SourceVersion "1"]
[SourceVersionDate "2022.05.31"]
[SourceQuality "1"]
[WhiteTeam "Plock Hetman"]
[BlackTeam "Gorzow Wielkopolski Stilon"]
[WhiteTeamCountry "POL"]
[BlackTeamCountry "POL"]

1. d4 d5 2. Nf3 Nf6 3. c4 c6 4. g3 dxc4 5. Bg2 g6 6. 0-0 Bg7 7. Ne5 Ng4 8. f4 Nxe5 9. fxe5 0-0 10. Nc3 c5 11. e3 Nc6 12. Bxc6 bxc6 13. Ne4 cxd4 14. exd4 Bh3 15. Rf2 Bxe5 16. Be3 Bg7 17. Rc1 Be6 18. Qd2 Bd5 19. Ng5 Rb8 20. h4 Qd7 21. Kh2 h5 22. Nh3 Rb5 23. Bh6 Rfb8 24. Bxg7 Kxg7 25. Qc3 Qd6 26. Nf4 Kg8 27. Re1 Kg7 28. Re5 f6 29. Re1 Bf7 30. Rfe2 R8b7 31. Kg1 Rd7 32. Re4 Rf5 33. Qe3 e5 34. dxe5 Rxe5 35. Rxe5 Qxe5 36. Qxe5 fxe5 37. Rxe5 Rd2 38. Re2 c3 39. bxc3 Rxe2 40. Nxe2 Bxa2 41. Kf2 Kf6 42. Ke3 Ke5 43. Kd3 Bb1+ 44. Kc4 Ke4 45. Nd4 Ke3 46. Kc5 Kf2 47. Nxc6 Kxg3 48. Nxa7 Kxh4 49. Kd4 Kg3 50. Nc6 h4 51. Ne7 h3 52. c4 h2 53. c5 h1Q 54. c6 Bf5 0-1

[Event "POL-ch Ekstraliga-B Rapid"]
[Site "Bydgoszcz"]
[Date "2022.03.11"]
[Round "1.3"]
[White "Kanarek, Marcel"]
[Black "Czernek, Tymon"]
[Result "0-1"]
[WhiteElo "2484"]
[BlackElo "2229"]
[PlyCount "114"]
[EventDate "2022.03.11"]
[EventType "team-tourn (rapid)"]
[EventRounds "10"]
[EventCountry "POL"]
[SourceTitle "CBM 207 Extra"]
[Source "ChessBase"]
[SourceDate "2022.05.31"]
[SourceVersion "1"]
[SourceVersionDate "2022.05.31"]
[SourceQuality "1"]
[WhiteTeam "Gorzow Wielkopolski Stilon"]
[BlackTeam "Czarna"]
[WhiteTeamCountry "POL"]
[BlackTeamCountry "POL"]

1. e4 c5 2. Nf3 d6 3. d4 cxd4 4. Nxd4 Nf6 5. Nc3 a6 6. a4 e5 7. Nf3 Be7 8. Bg5 Be6 9. Bxf6 Bxf6 10. Nd5 Nd7 11. Bc4 Rc8 12. Ba2 0-0 13. 0-0 Nc5 14. Qe2 Bg4 15. Ne3 Qd7 16. Nxg4 Qxg4 17. Bd5 Ne6 18. Bxe6 fxe6 19. h3 Qg6 20. Rfd1 Be7 21. a5 Qe8 22. c4 Rf4 23. g3 Rf8 24. b3 Rf6 25. Kg2 Qc6 26. Rd3 Bd8 27. Rad1 Bc7 28. Nh2 Rcf8 29. Ng4 R6f7 30. f3 Qc5 31. Qe3 Qxa5 32. Qg5 Kh8 33. h4 Qb6 34. h5 h6 35. Qg6 Re7 36. Rh1 Qc6 37. Nxh6 gxh6 38. Qxh6+ Kg8 39. Rh4 Rg7 40. Qxe6+ Kh7 41. h6 Rgf7 42. Rg4 Qd7 43. Qg6+ Kh8 44. c5 b6 45. cxd6 Bd8 46. Rd5 Bf6 47. Rd2 a5 48. f4 exf4 49. gxf4 Bc3 50. Rd3 Rxf4 51. Rxf4 Rxf4 52. Rg3 Rf8 53. h7 Bg7 54. e5 Qc6+ 55. Kh3 Qh1+ 56. Kg4 Bxe5 57. Rh3 Qg2+ 0-1

[Event "POL-ch Ekstraliga-B Rapid"]
[Site "Bydgoszcz"]
[Date "2022.03.11"]
[Round "3.3"]
[White "Kanarek, Marcel"]
[Black "Wieczorek, Oskar"]
[Result "1-0"]
[WhiteElo "2484"]
[BlackElo "2500"]
[PlyCount "125"]
[EventDate "2022.03.11"]
[EventType "team-tourn (rapid)"]
[EventRounds "10"]
[EventCountry "POL"]
[SourceTitle "CBM 207 Extra"]
[Source "ChessBase"]
[SourceDate "2022.05.31"]
[SourceVersion "1"]
[SourceVersionDate "2022.05.31"]
[SourceQuality "1"]
[WhiteTeam "Gorzow Wielkopolski Stilon"]
[BlackTeam "Wroclaw Polonia"]
[WhiteTeamCountry "POL"]
[BlackTeamCountry "POL"]

1. e4 c6 2. d4 d5 3. Nc3 dxe4 4. Nxe4 Nf6 5. Nxf6+ exf6 6. c3 Bd6 7. Bd3 0-0 8. Qc2 Re8+ 9. Ne2 h5 10. 0-0 Nd7 11. Nf4 Bxf4 12. Bxf4 Nf8 13. Rae1 Be6 14. Bg3 Qd7 15. Re3 Ng6 16. Bxg6 fxg6 17. Qxg6 Bf7 18. Qc2 Rxe3 19. fxe3 Qe6 20. e4 Bg6 21. d5 Bxe4 22. dxe6 Bxc2 23. Re1 Re8 24. Bd6 Bf5 25. e7 Kf7 26. c4 b6 27. c5 Be6 28. b3 b5 29. Kf2 a5 30. Ke3 Ra8 31. Kd2 Bd7 32. Kc3 Be6 33. Kb2 Rc8 34. Kc3 Ra8 35. Re2 Bg4 36. Re3 Be6 37. Kd2 Bd7 38. Kc1 Be6 39. Kd1 g5 40. Kd2 h4 41. Re2 a4 42. bxa4 bxa4 43. a3 Bd5 44. g3 hxg3 45. hxg3 Rh8 46. Kc3 f5 47. Kb4 Ra8 48. Rh2 Kg6 49. Rf2 Be6 50. Re2 Kf7 51. Re5 Kf6 52. Re1 Kf7 53. Rf1 Kf6 54. Rh1 Kg6 55. Rd1 Kf7 56. Rd4 Kf6 57. Kc3 Kf7 58. Rb4 Bd5 59. Kd4 f4 60. gxf4 gxf4 61. Ke5 Re8 62. Rxf4+ Kg7 63. Rxa4 1-0

[Event "POL-ch Ekstraliga-B Rapid"]
[Site "Bydgoszcz"]
[Date "2022.03.11"]
[Round "5.3"]
[White "Teclaf, Pawel"]
[Black "Kanarek, Marcel"]
[Result "1/2-1/2"]
[WhiteElo "2542"]
[BlackElo "2484"]
[PlyCount "107"]
[EventDate "2022.03.11"]
[EventType "team-tourn (rapid)"]
[EventRounds "10"]
[EventCountry "POL"]
[SourceTitle "CBM 207 Extra"]
[Source "ChessBase"]
[SourceDate "2022.05.31"]
[SourceVersion "1"]
[SourceVersionDate "2022.05.31"]
[SourceQuality "1"]
[WhiteTeam "Bydgoszcz Energia Gwiazda"]
[BlackTeam "Gorzow Wielkopolski Stilon"]
[WhiteTeamCountry "POL"]
[BlackTeamCountry "POL"]

1. e4 e5 2. Nf3 Nc6 3. Nc3 Nf6 4. d4 Bb4 5. Nxe5 0-0 6. Bd3 Nxd4 7. 0-0 d6 8. Nc4 Bxc3 9. bxc3 Ne6 10. f4 d5 11. exd5 Qxd5 12. Ne5 b6 13. Qe2 Bb7 14. c4 Qd6 15. Bb2 Nd4 16. Qf2 c5 17. Rad1 Qc7 18. Qh4 Ne4 19. Bxd4 cxd4 20. Bxe4 Bxe4 21. Rxd4 Bxc2 22. Rd7 Qc5+ 23. Qf2 Qxf2+ 24. Rxf2 Bf5 25. Rb7 f6 26. Nf3 Rfb8 27. Re7 Re8 28. Rfe2 Kf8 29. Rxe8+ Rxe8 30. Rxe8+ Kxe8 31. Kf2 Ke7 32. Ke3 Kd6 33. Kd4 Bd7 34. g3 Bc6 35. Ne1 g5 36. fxg5 fxg5 37. Nc2 Ke6 38. Ne3 Bb7 39. a3 Bh1 40. Ng4 h5 41. Ne3 Bf3 42. Nc2 h4 43. Ne3 Bb7 44. Ng4 Bf3 45. Ne3 Bb7 46. Ng4 hxg3 47. hxg3 Bc6 48. Ne3 Be8 49. Ng4 Bg6 50. Ne3 Bh5 51. Nf1 Bf3 52. Ne3 Be2 53. Nd5 Bf3 54. Ne3 1/2-1/2

[Event "Wch Blitz"]
[Site "Warsaw"]
[Date "2021.12.29"]
[Round "4"]
[White "Bellahcene, Bilel"]
[Black "Kanarek, Marcel"]
[Result "1/2-1/2"]
[WhiteElo "2512"]
[BlackElo "2484"]
[PlyCount "108"]
[EventDate "2021.12.29"]
[EventType "swiss (blitz)"]
[EventRounds "21"]
[EventCountry "POL"]
[SourceTitle "CBM 205 Extra"]
[Source "ChessBase"]
[SourceDate "2022.01.31"]
[SourceVersion "1"]
[SourceVersionDate "2022.01.31"]
[SourceQuality "1"]

1. e4 c5 2. Nf3 e6 3. d4 cxd4 4. Nxd4 Nf6 5. Nc3 Nc6 6. a3 Qc7 7. Be2 Be7 8. Be3 0-0 9. f4 d6 10. g4 Nxd4 11. Qxd4 e5 12. Qd2 exf4 13. Bxf4 Be6 14. 0-0-0 Qa5 15. g5 Nd7 16. Kb1 Qc5 17. h4 Ne5 18. Nd5 Bxd5 19. Qxd5 Rfc8 20. Rd2 g6 21. h5 Qxd5 22. Rxd5 Bf8 23. Bxe5 dxe5 24. Rd7 Rd8 25. Rxb7 Rdb8 26. Rxb8 Rxb8 27. b4 a5 28. c3 axb4 29. axb4 Be7 30. Rg1 gxh5 31. Bxh5 Bxb4 32. Kc2 Bc5 33. Rf1 Rb7 34. Kd3 Rd7+ 35. Kc4 Be3 36. Rf5 Bf4 37. Kb5 Rb7+ 38. Kc6 Rb8 39. c4 Rc8+ 40. Kb5 Rb8+ 41. Ka6 Rc8 42. Bxf7+ Kg7 43. Bd5 Rf8 44. c5 Rxf5 45. exf5 Bxg5 46. c6 Bd8 47. Kb7 Kf6 48. Be4 h5 49. Kc8 Ba5 50. Kd7 h4 51. c7 Bxc7 52. Kxc7 h3 53. Kd6 h2 54. Kd5 h1Q 1/2-1/2

[Event "Wch Blitz"]
[Site "Warsaw"]
[Date "2021.12.29"]
[Round "12"]
[White "Chigaev, Maksim"]
[Black "Kanarek, Marcel"]
[Result "1-0"]
[WhiteElo "2632"]
[BlackElo "2484"]
[PlyCount "55"]
[EventDate "2021.12.29"]
[EventType "swiss (blitz)"]
[EventRounds "21"]
[EventCountry "POL"]
[SourceTitle "CBM 205 Extra"]
[Source "ChessBase"]
[SourceDate "2022.01.31"]
[SourceVersion "1"]
[SourceVersionDate "2022.01.31"]
[SourceQuality "1"]

1. d4 Nf6 2. Nf3 g6 3. c4 Bg7 4. Nc3 d6 5. e4 0-0 6. Be2 e5 7. 0-0 Nc6 8. d5 Ne7 9. b4 a5 10. bxa5 Rxa5 11. a4 c5 12. Ra3 Nh5 13. Re1 Ra6 14. Bd2 Kh8 15. Rb3 Ng8 16. Qc1 Bf6 17. g3 Ng7 18. Qb2 Be7 19. Rb1 f5 20. Rb6 fxe4 21. Nxe4 Bg4 22. Rxa6 bxa6 23. Nxe5 Bxe2 24. Nc6 Bf6 25. Nxd8 Bxb2 26. Nxd6 Nh5 27. Rxb2 Kg7 28. Ne6+ 1-0